Американская героиня или Наказанное вероломство. (Запись № 6100264)

Подробности
000 -МАРКЕР
контрольное поле 03873nam0a22005531 4500
001 - ИДЕНТИФИКАТОР ЗАПИСИ
контрольное поле v19\rc\2103745
005 - ИДЕНТИФИКАТОР ВЕРСИИ
контрольное поле 20260406000652.0
035 ## - ДРУГИЕ СИСТЕМНЫЕ НОМЕРА
Идентификатор записи (NLR Aleph) 005281216
100 ## - ДАННЫЕ ОБЩЕЙ ОБРАБОТКИ
Данные общей обработки 20090914d1814 |||y0rusy50 ca
101 0# - ЯЗЫК РЕСУРСА
Язык текста, звукозаписи и т.д. русский
102 ## - СТРАНА ПУБЛИКАЦИИ ИЛИ ПРОИЗВОДСТВА
Страна публикации российская федерация
135 ## - ПОЛЕ КОДИРОВАННЫХ ДАННЫХ: ЭЛЕКТРОННЫЕ РЕСУРСЫ
Кодированные данные для электронного ресурса crcn 024anaba
140 ## - ПОЛЕ КОДИРОВАННЫХ ДАННЫХ: СТАРОПЕЧАТНЫЕ ИЗДАНИЯ - ОБЩАЯ ИНФОРМАЦИЯ
Кодированные данные о старопечатном издании - Основные y y dayaa0000
200 1# - ЗАГЛАВИЕ И СВЕДЕНИЯ ОБ ОТВЕТСТВЕННОСТИ
Основное заглавие Американская героиня или Наказанное вероломство.
Сведения, относящиеся к заглавию Большой пантомимный балет в 4-х действиях,
Первые сведения об ответственности сочинения г. Валберха;
Последующие сведения об ответственности музыка разных авторов;
-- декорации г. Гонзаго;
-- дуэль и эволюции г. Вальвиля;
-- костюмы г. Бабини;
-- машины г. Тибо
210 ## - ПУБЛИКАЦИЯ, РАСПРОСТРАНЕНИЕ И ДР.
Место издания, распространения и т.д. Санктпетербург
Имя издателя, распространителя и т. д. в типографии Императорскаго театра
Дата издания, распространения и т.д. 1814
215 ## - ФИЗИЧЕСКАЯ ХАРАКТЕРИСТИКА
Специфическое обозначение материала и объем 16 с.
Размеры
300 ## - ОБЩИЕ ПРИМЕЧАНИЯ
Текст примечания Ценз.: С дозволения Правительства (на тит. л.)
316 ## - ПРИМЕЧАНИЯ ОБ ОСОБЕННОСТЯХ ЭКЗЕМПЛЯРА
Текст примечания Экз. РНБ (18.169.2.54) в бумажной обл. На 1-й с. обл. ярлык с шифром РНБ. На 2-й с. обл. пустой ярлык. На с.1 (тит. л.), 16 круглый штамп ГПБ. Размер: 20,5х13,1х0,2 см
Организация и экземпляр, к которому относится поле NLR: 18.169.2.54
321 1# - ПРИМЕЧАНИЯ ОБ ОТДЕЛЬНО ИЗДАННЫХ УКАЗАТЕЛЯХ / РЕФЕРАТАХ / ССЫЛКАХ, ОТРАЖАЮЩИХ КАТАЛОГИЗИРУЕМЫЙ ДОКУМЕНТ
Примечания об указателях, рефератах, ссылках СК 1801-1825 937
325 ## - ПРИМЕЧАНИЕ О КОПИИ
Текст примечания Копия доступна в Электрон. б-ке РНБ
327 0# - ПРИМЕЧАНИЯ О СОДЕРЖАНИИ
Текст примечания Из содерж.: Пагубныя следствия игры или Смерть Беверлея. : Трагико-пантомимный балет в двух действиях, / соч. г. Валберха; ; музыка г. Антонолини (С.12-16)
464 #0 - АНАЛИТИЧЕСКИЙ УРОВЕНЬ
Встроенное поле 2001#$aПагубныя следствия игры или Смерть Беверлея.$eТрагико-пантомимный балет в двух действиях,$fсоч. г. Валберха;$gмузыка г. Антонолини
-- 215##$aС.12-16
-- 5171#$aСмерть Беверлея
-- 5181#$aПагубные следствия игры или Смерть Беверлея
Заглавие Пагубныя следствия игры или Смерть Беверлея.
517 1# - ДРУГИЕ ВАРИАНТЫ ЗАГЛАВИЯ
Вариант заглавия Наказанное вероломство
620 ## - МЕСТО И ДАТА ПУБЛИКАЦИИ, ИСПОЛНЕНИЯ И Т. Д.
Город Санкт-Петербург
700 #1 - ИМЯ ЛИЦА - ПЕРВИЧНАЯ ОТВЕТСТВЕННОСТЬ
Графика поля Кириллица
Материалы, к которым относится поле rus
Начальный элемент ввода Вальберх
Часть имени, кроме начального элемента ввода И. И.
Дополнения к именам, кроме дат балетмейстер
Даты 1766-1819
Расширение инициалов личного имени Иван Иванович
Системный номер авторитетной/нормативной записи 220271
Идентификатор авторитетной/нормативной записи RU\NLR\AUTH\770220327
702 #1 - ИМЯ ЛИЦА - ВТОРИЧНАЯ ОТВЕТСТВЕННОСТЬ
Код отношения Прочие
Материалы, к которым относится поле rus
Графика поля Кириллица
Начальный элемент ввода Гонзага
Часть имени, кроме начального элемента ввода П. Г.
Даты 1751-1831
Расширение инициалов личного имени Пьетро Готтардо
Идентификатор авторитетной/нормативной записи RU\NLR\AUTH\77110219
Системный номер авторитетной/нормативной записи 93144
702 #1 - ИМЯ ЛИЦА - ВТОРИЧНАЯ ОТВЕТСТВЕННОСТЬ
Код отношения Прочие
Графика поля Кириллица
Материалы, к которым относится поле rus
Начальный элемент ввода Вальвиль
Часть имени, кроме начального элемента ввода А. В.
Даты -ок.1850
Расширение инициалов личного имени Александр Васильевич
Системный номер авторитетной/нормативной записи 236805
Идентификатор авторитетной/нормативной записи RU\NLR\AUTH\770236861
702 #1 - ИМЯ ЛИЦА - ВТОРИЧНАЯ ОТВЕТСТВЕННОСТЬ
Начальный элемент ввода Бабини
Часть имени, кроме начального элемента ввода К.
Расширение инициалов личного имени Керубино
Код отношения Прочие
702 #1 - ИМЯ ЛИЦА - ВТОРИЧНАЯ ОТВЕТСТВЕННОСТЬ
Начальный элемент ввода Тибо
Часть имени, кроме начального элемента ввода К.
Даты -1862
Расширение инициалов личного имени Карл
Код отношения Прочие
702 #1 - ИМЯ ЛИЦА - ВТОРИЧНАЯ ОТВЕТСТВЕННОСТЬ
Начальный элемент ввода Антонолини
Часть имени, кроме начального элемента ввода Ф.
Даты ?-1824
Расширение инициалов личного имени Фердинандо
Код отношения Композитор
712 02 - НАИМЕНОВАНИЕ ОРГАНИЗАЦИИ - ВТОРИЧНАЯ ОТВЕТСТВЕННОСТЬ
Код отношения Печатник (типограф)
Начальный элемент ввода Плавильщиков,
Идентифицирующий признак Петербург
Инверсированный элемент В. А.,
Часть наименования, отличная от начального элемента ввода и от инверсированного элемента типография
Системный номер авторитетной/нормативной записи 517304
Идентификатор авторитетной/нормативной записи RU\NLR\AUTH\880426395
790 #1 - ИМЯ ЛИЦА - АЛЬТЕРНАТИВНАЯ ФОРМА
Связь между полями z01700
Начальный элемент ввода Валберх
790 #1 - ИМЯ ЛИЦА - АЛЬТЕРНАТИВНАЯ ФОРМА
Связь между полями z02702
Начальный элемент ввода Гонзаго
801 #0 - ИСТОЧНИК ЗАПИСИ
Страна российская федерация
Организация NLR
Дата составления 20090914
Правила каталогизации psbo
801 #1 - ИСТОЧНИК ЗАПИСИ
Страна российская федерация
Организация ProSoft-M
Дата составления 20090914
Источник данных rusmarc
801 #2 - ИСТОЧНИК ЗАПИСИ
Страна российская федерация
Организация NLR
Дата составления 20120427
Источник данных rusmarc
852 ## - МЕСТОНАХОЖДЕНИЕ И ШИФР ХРАНЕНИЯ
Идентификатор организации NLR
Шифр хранения (Call Number) 18.169.2.54
942 ## - ДОПОЛНИТЕЛЬНЫЕ ЭЛЕМЕНТЫ ЗАПИСИ (АБИС)
Тип экземпляра АБИС Книга
980 ## - КОЛЛЕКЦИЯ
Название коллекции Национальная библиография
980 3# - КОЛЛЕКЦИЯ
Название коллекции КП2020 Первая четверть 19 в.
980 3# - КОЛЛЕКЦИЯ
Название коллекции КП2020 Книжные памятники 2020 г.
980 3# - КОЛЛЕКЦИЯ
Название коллекции Книжные памятники РНБ
981 22 - КОЛЛЕКЦИЯ ЭЛЕКТРОННОЙ БИБЛИОТЕКИ
Название коллекции Материалы по истории России
Название подколлекции 2.05. Культура. Наука. Просвещение.
981 20 - КОЛЛЕКЦИЯ ЭЛЕКТРОННОЙ БИБЛИОТЕКИ
Название коллекции Книжные памятники РНБ
Название подколлекции Русский книжный фонд
Экземпляры
Тип экземпляра Дата поступления Библиотека постоянного хранения Библиотека текущего хранения Место хранения Шифр хранения Штрих-код Статус не для выдачи
Книга 26.10.2013 РНБ (Садовая) РНБ (Садовая) Русский книжный фонд -Главное здание, Ленинский читальный зал 18.169.2.54 5281216-10